| 000 | 00793cam a2200217 a 4500 | ||
|---|---|---|---|
| 001 | 000008645 | ||
| 005 | 20200929161358.0 | ||
| 008 | 891219s1959 ag 001 0 spa | ||
| 040 |
_aDO-SdBNP _bspa _cBNPHU |
||
| 082 |
_aV863.44 _bG643h, 1959 |
||
| 100 | 1 |
_aGonzález León, Adriano. _d1931-2008 _923082 |
|
| 245 | 1 | 4 |
_aLas hogueras mas altas / _cAdriano González León. |
| 250 | _a2a ed. | ||
| 260 |
_aBuenos Aires : _bMonte Avila, _c1959. |
||
| 300 |
_a105 p. ; _c16 cm. |
||
| 490 | 1 |
_aBiblioteca Popular Eldorado _v35 |
|
| 505 | 0 | _aEn el lago -- Los invisibles fuegos -- El enviado -- Las voces lejanas -- Fatina o las llamas -- Los antiguos viajeros. | |
| 650 | 4 |
_aCuentos venezolanos _93815 |
|
| 650 | 4 |
_aLiteratura venezolana _93816 |
|
| 830 | 0 |
_aBiblioteca Popular Eldorado ; _v35 _916894 |
|
| 999 |
_c8415 _d8415 |
||